Sudden Death---Click All the Water Type Pokemon! - Statistics

General Stats
  • This quiz has been taken 120 times
    108 since last reset
  • The average score is 21 of 30
Answers on the Grid
Answers color-coded by a green-red scale on the quiz's grid according to % correct below.
Phione
Sandaconda
Coalossal
Drizzile
Dustox
Solosis
Suicune
Sentret
Kyogre
Nidorina
Tapu Fini
Azumarill
Luvdisc
Infernape
Yamask
Dewpider
Spidops
Octillery
Shuckle
Simipour
Gastrodon
Starmie
Fennekin
Palpitoad
Garbodor
Basculegion
Trevenant
Gengar
Omanyte
Minncino
Squirtle
Toxtricity
Palafin
Pikachu
Roggenrola
Deerling
Blastoise
Weedle
Mudkip
Mareanie
Skarmory
Lucario
Primarina
Dhelmise
Eevee
Dewott
Glaceon
Shiinotic
Corsola
Gyarados
Cursola
Bruxish
Wailord
Comfey
Manaphy
Persian
Popplio
Brionne
Nagandel
Feraligatr
 
Answer Stats
Answer % Correct
Starmie
90%
Octillery
85%
Azumarill
84%
Kyogre
84%
Squirtle
84%
Omanyte
80%
Suicune
79%
Blastoise
75%
Drizzile
75%
Palpitoad
75%
Simipour
75%
Phione
72%
Mudkip
70%
Palafin
70%
Dewott
69%
Dewpider
69%
Luvdisc
69%
Mareanie
67%
Primarina
67%
Basculegion
66%
Wailord
66%
Corsola
62%
Gyarados
62%
Popplio
62%
Gastrodon
61%
Tapu Fini
59%
Feraligatr
56%
Manaphy
54%
Brionne
52%
Bruxish
49%
No matching quizzes found
Score Distribution
Percent of People with Each Score
Percentile by Number Answered
Your Score History
You have not taken this quiz since the last reset